Welcome to CU Library Online Public Access Catalogue (OPAC)

Readings in strategic management (Record no. 5391)

MARC details
000 -LEADER
fixed length control field 00467nam a22001817a 4500
005 - DATE AND TIME OF LATEST TRANSACTION
control field 20250410110107.0
008 - FIXED-LENGTH DATA ELEMENTS--GENERAL INFORMATION
fixed length control field 250410b |||||||| |||| 00| 0 eng d
020 ## - INTERNATIONAL STANDARD BOOK NUMBER
International Standard Book Number 9780256241464
050 ## - LIBRARY OF CONGRESS CALL NUMBER
Classification number HD 30.28
Item number 1
100 ## - MAIN ENTRY--PERSONAL NAME
Personal name THOMPSON, A Arthur
245 ## - TITLE STATEMENT
Title Readings in strategic management
250 ## - EDITION STATEMENT
Edition statement 10th
260 ## - PUBLICATION, DISTRIBUTION, ETC.
Place of publication, distribution, etc. Boston
Name of publisher, distributor, etc. Mcgraw -Hill
Date of publication, distribution, etc. 1998c
300 ## - PHYSICAL DESCRIPTION
Extent ix,598p
700 ## - ADDED ENTRY--PERSONAL NAME
Personal name STRICKLAND, A J
710 ## - ADDED ENTRY--CORPORATE NAME
Corporate name or jurisdiction name as entry element KRAMER, Robertson, Tracy
942 ## - ADDED ENTRY ELEMENTS (KOHA)
Source of classification or shelving scheme Library of Congress Classification
Koha item type Books
Suppress in OPAC No
999 ## -
-- 5391
-- 5391
Holdings
Withdrawn status Lost status Source of classification or shelving scheme Damaged status Not for loan Collection Home library Current library Shelving location Date acquired Total checkouts Full call number Barcode Date last seen Copy number Price effective from Koha item type
    Library of Congress Classification     Non-fiction Business Library (Miotso) Business Library (Miotso) General stacks 04/25/2025   HD 30.28 REA BSSM00001950 04/25/2025 5 04/25/2025 Books
    Library of Congress Classification     Non-fiction Business Library (Miotso) Business Library (Miotso) General stacks 04/25/2025   HD 30.28 REA BSSM00001951 04/25/2025 6 04/25/2025 Books
    Library of Congress Classification     Non-fiction Business Library (Miotso) Business Library (Miotso) General stacks 04/25/2025   HD 30.28 REA BSSM00001952 04/25/2025 7 04/25/2025 Books
    Library of Congress Classification     Non-fiction Business Library (Miotso) Business Library (Miotso) General stacks 04/25/2025   HD 30.28 REA BSSM00001953 04/25/2025 8 04/25/2025 Books
    Library of Congress Classification     Non-fiction Business Library (Miotso) Business Library (Miotso) General stacks 04/25/2025   HD 30.28 REA BSSM00001954 04/25/2025 9 04/25/2025 Books
    Library of Congress Classification     Non-fiction Business Library (Miotso) Business Library (Miotso) General stacks 04/25/2025   HD 30.28 REA BSSM00001955 04/25/2025 10 04/25/2025 Books
    Library of Congress Classification     Non-fiction Business Library (Miotso) Business Library (Miotso) General stacks 04/25/2025   HD 30.28 REA BSSM00001956 04/25/2025 11 04/25/2025 Books
    Library of Congress Classification     Non-fiction Business Library (Miotso) Business Library (Miotso) General stacks 04/25/2025   HD 30.28 REA BSSM00001957 04/25/2025 12 04/25/2025 Books
    Library of Congress Classification     Non-fiction Graduate Library (Christ Temple) Graduate Library (Christ Temple) General stacks 04/10/2025   HD 30.28 REA GSCT00000976 04/10/2025 1 04/10/2025 Books
    Library of Congress Classification     Non-fiction Graduate Library (Christ Temple) Graduate Library (Christ Temple) General stacks 04/10/2025   HD 30.28 REA GSCT00000977 04/10/2025 2 04/10/2025 Books
    Library of Congress Classification     Non-fiction Graduate Library (Christ Temple) Graduate Library (Christ Temple) General stacks 04/10/2025   HD 30.28 REA GSCT00000978 04/10/2025 3 04/10/2025 Books
    Library of Congress Classification     Non-fiction Graduate Library (Christ Temple) Graduate Library (Christ Temple) General stacks 04/10/2025   HD 30.28 REA GSCT00000979 04/10/2025 4 04/10/2025 Books
© 2023-2024 Copyright: Central University Libraries. All Rights Reserved | Created by: Mahone Tech Office